000 00639nam a2200277Ia 4500
005 20260324122446.0
008 008 260324s9999 xx 000 0 eng d
020 _a9781315833286
037 _aEBOOK
040 _aCRL
040 _beng
040 _cCRL
041 _2eng
041 _aeng
084 _qCRL
100 _aZoltán Dörnyei; Jill Hadfield
_91166525
245 0 _aMotivating Learning
260 _bTaylor and Francis
260 _c2013
365 _a
365 _b300
856 _uhttp://www.taylorfrancis.com/books/9781315833286
942 _cEBOOK
999 _c1759289
_d1759289